| 000 | 01366nam0a2200373 4500 | ||
|---|---|---|---|
| 001 | RU\NLR\BIBL_A\011185432 | ||
| 005 | 20260406144218.0 | ||
| 010 |
_a978-5-4444-3857-2 _93000 |
||
| 021 |
_aRU _b2016-55057 _93496 |
||
| 035 | _a(NILC)RuMoRGB-008545860 | ||
| 035 | _a(NLR Aleph) 011185432 | ||
| 090 |
_a11838727 _c11838727 |
||
| 100 | _a20160728d2016 |||y0rusy50 ca | ||
| 101 | 1 |
_arus _ceng |
|
| 102 | _aRU | ||
| 105 | _aac||z||||01ay | ||
| 200 | 1 |
_aСокровище Озера _aЛасточка _e[романы] _fГенри Райдер Хаггард _g[пер. с англ.: Алчеев И. Н. _gил.: Морис Грейффенхаген] |
|
| 210 |
_aМосква _cВече _d2016 |
||
| 215 |
_a478, [1] с. _cил. _d21 |
||
| 225 | 1 | _aМастера приключений | |
| 320 | _aДр. произведения авт.: с. 1, 476-477 | ||
| 333 | _a12+ | ||
| 675 | _a821.111 | ||
| 686 | 1 | _aШ6(4Вл)57-440.4{Лх1297-50} | |
| 700 | 1 |
_7ca _8rus _aХаггард _bГ. Р. _f1856-1925 _gГенри Райдер _9114068 _3RU\NLR\auth\774081 |
|
| 702 | 1 |
_aГрейффенхаген _bМ. _gМорис _4040 |
|
| 801 | 0 |
_aRU _bРГБ _c20160712 _gRCR |
|
| 801 | 1 |
_aRU _bРГБ _c20160712 _2rusmarc |
|
| 942 | _cBOOK | ||
| 980 | _aNBR | ||
| 980 | _aNB | ||